Public Sector Accounting (Record no. 708)
[ view plain ]
| 005 - DATE AND TIME OF LATEST TRANSACTION | |
|---|---|
| control field | 20250315101514.0 |
| 020 ## - INTERNATIONAL STANDARD BOOK NUMBER | |
| International Standard Book Number | 0-273-02930-4 |
| 082 ## - DEWEY DECIMAL CLASSIFICATION NUMBER | |
| Classification number | 339.341 JON |
| 100 ## - MAIN ENTRY--PERSONAL NAME | |
| Author name | JONES, R. |
| 245 ## - TITLE STATEMENT | |
| Title | Public Sector Accounting |
| 250 ## - EDITION STATEMENT | |
| Edition statement | 2nd Ed. |
| 260 ## - PUBLICATION, DISTRIBUTION, ETC. | |
| Place of publication, distribution, etc. | London. |
| Name of publisher, distributor, etc. | Pitman, |
| Date of publication, distribution, etc. | 1989. |
| 300 ## - PHYSICAL DESCRIPTION | |
| Extent | x, 276p.: ill.; figure, table. |
| Other physical details | Bibliography, Index. |
| Dimensions | 24cm. |
| 700 ## - ADDED ENTRY--PERSONAL NAME | |
| Other authors/Editors | PENDLEBURY, M. |
| 942 ## - ADDED ENTRY ELEMENTS (KOHA) | |
| Source of classification or shelving scheme | Dewey Decimal Classification |
| Koha item type | Books |
| Date last seen | Total checkouts | Full call number | Barcode | Cost, replacement price | Price effective from | Koha item type | Lost status | Source of classification or shelving scheme | Damaged status | Not for loan | Withdrawn status | Home library | Current library | Shelving location | Date acquired | Cost, normal purchase price |
|---|---|---|---|---|---|---|---|---|---|---|---|---|---|---|---|---|
| 03/15/2025 | 339.341 JON | 0000002788 | 30000.00 | 03/15/2025 | Books | Dewey Decimal Classification | College of Business Education Main Library | College of Business Education Main Library | General Collection | 08/24/1992 | 10000.00 | |||||
| 03/15/2025 | 339.341 JON | 0000002789 | 30000.00 | 03/15/2025 | Books | Dewey Decimal Classification | College of Business Education Main Library | College of Business Education Main Library | General Collection | 08/24/1992 | 10000.00 | |||||
| 03/15/2025 | 339.341 JON | 0000002790 | 30000.00 | 03/15/2025 | Books | Dewey Decimal Classification | College of Business Education Main Library | College of Business Education Main Library | General Collection | 08/24/1992 | 10000.00 | |||||
| 05/28/2025 | 339.341 JON | 00000010316 | 30000.00 | 05/28/2025 | Books | Dewey Decimal Classification | College of Business Education Main Library | College of Business Education Main Library | General Collection | 08/24/1992 | 10000.00 | |||||
| 05/28/2025 | 339.341 JON | 00000010317 | 30000.00 | 05/28/2025 | Books | Dewey Decimal Classification | College of Business Education Main Library | College of Business Education Main Library | General Collection | 08/24/1992 | 10000.00 | |||||
| 05/28/2025 | 339.341 JON | 00000010318 | 30000.00 | 05/28/2025 | Books | Dewey Decimal Classification | College of Business Education Main Library | College of Business Education Main Library | General Collection | 08/24/1992 | 10000.00 |
